| 000 | 00878nam a22002057a 4500 | ||
|---|---|---|---|
| 003 | OSt | ||
| 005 | 20250911170557.0 | ||
| 008 | 240223b ||||| |||| 00| 0 eng d | ||
| 040 | _c0 | ||
| 082 | _aDPer 621.317 Ie21 May 2022 v. 37 n. 5 | ||
| 100 |
_aDu, Xiaotong. _eauthor. _953261 |
||
| 245 |
_aDesign and characterization of PCB spiral coils for inductive power transfer in medium-voltage applications / _cXiaotong Du, Chengmin Li, and Drazen Dujic. |
||
| 260 |
_aNew York ; _bThe Institute of Electrical and Electronics Engineers, Inc. , _cMay 2022. |
||
| 300 |
_aVolume 37, pages 6168-6180 : _billustration ; _c28 cm. |
||
| 500 | _aIEEE Transactions on Power Electronics, vol. 37, no. 5, pages 6168-6180, May 2022. | ||
| 700 |
_aDu, Xiaotong. _eauthor. _953261 |
||
| 700 |
_aLi, Chengmin. _eauthor. _953262 |
||
| 700 |
_aDujic, Drazen. _eauthor. _953263 |
||
| 942 |
_2ddc _cPER |
||
| 999 |
_c19341 _d19341 |
||